000
00295nam a2200097Ia 4500
008
220216s9999 xx 000 0 und d
100
_a
Sethuraj M R
245
0
_a
Physiological basis of yield potential in Hevea brasiliensis
260
_b
Indian Science Congress, Tirupati, 1983
_c
1983
942
_c
JS
999
_c
64985
_d
64985